Zmarli w 2020 roku - Statystyki

Ogólne statystyki
  • Ten quiz został rozwiązany 25 razy
  • Średni wynik to 5 z 18
Statystyki odpowiedzi
Podpowiedź Osoba % Poprawnych
Amerykański koszykarz, zginął w katastrofie helikoptera Kobe Bryant
80%
Jeden z najlepszych piłkarzy wszechczasów Diego Maradona
65%
Szkocki aktor, grał Jamesa Bonda Sean Connery
60%
Aktor, znany z serialu "Ranczo" Paweł Królikowski
55%
Kompozytor, lider Budki Suflera Romuald Lipko
50%
Aktor, grał Boczka w "Świecie według kiepskich" Dariusz Gnatowski
30%
Wybitny polski kompozytor Krzysztof Penderecki
30%
Włoski piłkarz, mistrz świata z 1982 Paolo Rossi
30%
Aktor znany m.in. ze "Stawka większa z niż życie" Emil Karewicz
25%
Wybitny polski reżyser, m. in. "Czterdziestolatka" Jerzy Gruza
20%
Aktorka, piosenkarka - prekursorka piosenki aktorskiej w Polsce Ewa Demarczyk
10%
Aktor, reżyser i piosenkarz. Andrzej Strzelecki
5%
Amerykański aktor, zmarł w wieku 43 lat Chadwick Boseman
5%
Polska aktorka znan m.in z "Seksmisji" Hanna Stankówna
5%
Polski aktor teatralny Piotr Machalica
5%
Polska aktorka filmowa i teatralna, dziennikarka, zamieszkała w USA Ewa Milde
0%
Działacz opozycji demokratycznej w PRL, więzień polityczny i polityk Henryk Wujec
0%
Aktor, wybitny artysta teatralny i filmowy Wojciech Pszoniak
0%
Nie znaleziono quizów pasujących do podanych kryteriów
Rozkład punktacji
Procent ludzi z każdym wynikiem
Percentyl według liczby udzielonych odpowiedzi
Twoja historia wyników
Nie rozwiązałeś tego quizu